Schach Level II: Schachwissen - Statistiken

Allgemein
  • Dieses Quiz wurde 79 mal gespielt
  • Das Durchschnittsergebnis liegt bei 8 aus 16
Antwortstatistiken
Hint Antwort % Korrekt
Der Spieler mit der höchsten Elo-Zahl Magnus Carlsen
94%
Das Land mit den meisten Schachweltmeistern Russland
80%
Der amtierende Schachweltmeister D. Gukesh
77%
Der Weltschachverband FIDE
77%
Weltmeister nach legendärem Kampf 1972 Robert Fischer
72%
Das Land aus dem er kommt Vereinigte Staaten
69%
Der Gewinner der Schacholympiade (Land) Indien
65%
Der einzige deutsche Spieler mit Elo über 2700 Vincent Keymer
65%
Schachvereine in Deutschland (auf Tausend gerundet) 2000
52%
Der erste offizielle Schachweltmeister Wilhelm Steinitz
45%
Sein Gegner 1972 Boris Spassky
37%
Die amtierende Schachweltmeisterin Ju Wenjun
31%
Der "Messi des Schachs" Faustino Oro
23%
Die Spielerin mit der höchsten Elo-Zahl Hou Yifan
20%
Der Erfinder der Elo-Zahl (Vorname) Arpad
11%
Der beste österreichische Schachspieler nach Elo-Zahl Kirill Alekseenko
8%
Keine übereinstimmenden Quizze gefunden
Verteilung der Resultate
Anzahl Personen mit jedem Resultat
Perzentil nach korrekt beantworteten Fragen
Ihre Resultats-Entwicklung
Sie haben dieses Quiz noch nicht gespielt